000
00314nam a22001337a 4500
020
_a
978-1-199=56120-0
082
_a
658.42
100
_a
Solomon, Jill
245
_a
Corporate Governance and Accountability
250
_a
5th
260
_a
Hoboken:
_b
Wiley.
_c
2021
300
_a
ix, 272p.: ill.; 25cm
942
_c
BK
999
_c
22120
_d
22120